Closest U.S. State Capitals - Statistics

General Stats
  • This quiz has been taken 754 times
  • The average score is 7 of 10
Answer Stats
Distance in Miles State Capital % Correct
41 Boston
89%
41 Providence
87%
54 Dover
80%
54 Annapolis
77%
82 Albany
75%
66 Hartford
70%
63 Concord
66%
89 Montpelier
66%
84 Trenton
65%
92 Harrisburg
64%
No matching quizzes found
Score Distribution
Percent of People with Each Score
Percentile by Number Answered
Your Score History
You have not taken this quiz